Central Library OPAC University of Rajshahi

অনুপম আদর্শ : (Record no. 41595)

MARC details
000 -LEADER
fixed length control field 00962nam a2200229 a 4500
001 - CONTROL NUMBER
control field 41595
003 - CONTROL NUMBER IDENTIFIER
rucl marc code BD-RjUL
005 - DATE AND TIME OF LATEST TRANSACTION
control field 20211209053422.0
008 - FIXED-LENGTH DATA ELEMENTS--GENERAL INFORMATION
fixed length control field 160602s1992 bg ||||| |||| 00| 0 ben d
020 ## - INTERNATIONAL STANDARD BOOK NUMBER
International Standard Book Number 9840600800
Terms of availability : Tk. 100.00
035 ## - SYSTEM CONTROL NUMBER
System control number (BD-RjUL) 41713
040 ## - CATALOGING SOURCE
Original cataloging agency BD-RjUL
Language of cataloging ben
Transcribing agency BD-RjUL
041 ## - LANGUAGE CODE
Language code of text/sound track or separate title ben
082 ## - DEWEY DECIMAL CLASSIFICATION NUMBER
Edition number 23
Classification number 297.64
Author mark and year ANU 1992
245 00 - TITLE STATEMENT
Title অনুপম আদর্শ :
Remainder of title সীরাতে রাসূলুল্লাহ (সা.) /
Statement of responsibility, etc. হাসান আবদুল কাইয়ূম সম্পাদিত
260 ## - PUBLICATION, DISTRIBUTION, ETC. (IMPRINT)
Place of publication, distribution, etc. ঢাকা :
Name of publisher, distributor, etc. ইসলামিক ফাউণ্ডেশন বাংলাদেশ,
Date of publication, distribution, etc. ১৯৯২
300 ## - PHYSICAL DESCRIPTION
Pagination [১৫], ৪৫৮ পৃ. ;
Size ২১ সেমি.
650 ## - SUBJECT ADDED ENTRY--TOPICAL TERM
Topical term or geographic name as entry element ইসলামের নেতা
9 (RLIN) 127809
Topical term or geographic name as entry element Islamic leaders
9 (RLIN) 127810
700 ## - ADDED ENTRY--PERSONAL NAME
Personal name কাইয়ূম, হাসান আবদুল, সম্পাদিত
942 ## - ADDED ENTRY ELEMENTS (KOHA)
Source of classification or shelving scheme Dewey Decimal Classification
Koha item type Books
Holdings
Lost status Source of classification or shelving scheme Damaged status Not for loan Collection code Permanent Location Current Location Shelving location Date acquired Source of acquisition Cost, normal purchase price Total Checkouts Full call number Date last seen Copy number Koha item type
  Dewey Decimal Classification     Non-fiction Central Library, University of Rajshahi Central Library, University of Rajshahi   04/03/1996 Islamic Foundetion, Dhaka 100.00   B 297.64 ANU 1992 02/06/2016 C-2 Books